000 00398nam a22001457a 4500
005 20250717113723.0
008 250717b |||||||| |||| 00| 0 eng d
020 _a9781844741649
050 _aBS2651
_b.S277 SCH
100 _aSCHREINER THOMAS R.
245 _aPAUL APOSTLE OF GOD'S GLORY IN CHRIST;
_bA PAULINE THEOLOGY
260 _aLEICESTER
_bIVP ACADEMIC
300 _a505p
942 _2lcc
_cBK
_n0
999 _c7026
_d7026